000 00815nam a2200241 i 4500
001 16857
003 ES-MaACL
005 20250806060006.0
007 t|
008 001115s1987 sp ||||1| spa d
020 _a84-7472-075-3
080 _a892.7-1"10"
100 1 _aAl-Mu'tamid
_cRey de Sevilla.
_919053
245 1 0 _aPoesías /
_cAl-Mu'tamid Ibn'Abbad ; antología bilingüe por María Jesús Rubiera Mata.
260 _aMadrid :
_bInstituto Hispano-Arabe de Cultura,
_c1987.
300 _a129 p. ;
_c18 cm.
490 1 _aClásicos hispano-árabes bilingües ;
_v3
500 _aTextos en árabe y español.
700 1 _aRubiera Mata, María Jesús
_9100316
830 0 _aClásicos hispano-árabes bilingües ;
_v3
_9228681
852 _aES-MaACL
_jL-28551
_bR.116983
999 _c16857
_d16857